Esperanzador escenario económico en América Latina y el Caribe

Gorde:
Xehetasun bibliografikoak
Formatua: Texto
Gaiak:
Etiketak: Etiketa erantsi
Etiketarik gabe, Izan zaitez lehena erregistro honi etiketa jartzen!

MARC

LEADER 00000 a a2200000 04500
001 10267
003
040
245 |a Esperanzador escenario económico en América Latina y el Caribe  
650 |a CRECIMIENTO ECONOMICO  
650 |a AMERICA LATINA  
773 |g número 41; páginas 2-3  
999 |c 31216  |d 31216